Вопросы пищевой промышленности в связи со стахановским движением: доклад на пленуме ЦК ВКП(б) 22 декабря 1935 г.

গ্রন্থ-পঞ্জীর বিবরন
প্রধান লেখক: Микоян А. Анастас Иванович
ভাষা:রুশ
প্রকাশিত: Москва, Партиздат ЦК ВКП(б), 1935
বিষয়গুলি:
বিন্যাস: গ্রন্থ
KOHA link:https://koha.lib.tpu.ru/cgi-bin/koha/opac-detail.pl?biblionumber=326963

MARC

LEADER 00000nam0a2200000 4500
001 326963
005 20231102003919.0
035 |a (RuTPU)RU\TPU\book\352623 
090 |a 326963 
100 |a 20170121d1935 m y0rusy50 ca 
101 0 |a rus 
102 |a RU 
105 |a ac z 000zy 
200 1 |a Вопросы пищевой промышленности в связи со стахановским движением  |e доклад на пленуме ЦК ВКП(б) 22 декабря 1935 г.  |f А. Микоян 
210 |a Москва  |c Партиздат ЦК ВКП(б)  |d 1935 
215 |a 32 с.  |c ил. 
606 1 |a КПСС  |x История  |z 1933-1937  |2 stltpush  |3 (RuTPU)RU\TPU\subj\75339  |9 87184 
606 1 |a Пищевая промышленность  |2 stltpush  |3 (RuTPU)RU\TPU\subj\33648  |9 55824 
610 1 |a социалистическое соревнование 
610 1 |a стахановское движение 
610 1 |a стахановцы 
610 1 |a пищевая продукция 
610 1 |a новая техника 
610 1 |a производственная мощность 
610 1 |a ассортимент 
610 1 |a рыбные запасы 
610 1 |a сахарные заводы 
675 |a 664  |v 3 
686 |a Ф61(2)271.6  |v LBC/SL-A  |2 rubbk 
700 1 |a Микоян  |b А.  |g Анастас Иванович 
801 1 |a RU  |b 63413507  |c 20170121 
801 2 |a RU  |b 63413507  |c 20170126  |g RCR 
942 |c BK